[Event "Wch U08"]
[Site "Montesilvano"]
[Date "2024.11.15"]
[Round "1"]
[White "Kuncoro, Leo"]
[Black "Kim, Rian B"]
[Result "1-0"]
[WhiteElo "1726"]
[BlackElo "1452"]
[PlyCount "33"]
[EventDate "2024.11.15"]
[EventType "swiss"]
[EventRounds "11"]
[EventCountry "ITA"]
[SourceTitle "CB48_2024"]
[SourceDate "2024.11.28"]
[SourceVersion "1"]
[SourceVersionDate "2024.11.28"]
[SourceQuality "1"]

1. e4 c5 2. Nc3 Nc6 3. Bb5 Nf6 4. d3 e6 5. Bxc6 dxc6 6. f4 b5 7. Nf3 b4 8. Ne2 Be7 9. 0-0 Qb6 10. Kh1 Ba6 11. Ne5 Bd6 12. Ng3 Bxe5 13. fxe5 Nd7 14. Qg4 g6 15. Qf3 Nxe5 16. Qf6 0-0 17. Bh6 1-0

[Event "Biel ATO 57th"]
[Site "Biel"]
[Date "2024.07.16"]
[Round "1"]
[White "Nergard, Ole Kristian"]
[Black "Kim, Rian B"]
[Result "1-0"]
[WhiteElo "1830"]
[BlackElo "1592"]
[PlyCount "51"]
[EventDate "2024.07.16"]
[EventType "swiss"]
[EventRounds "9"]
[EventCountry "SUI"]
[SourceTitle "EXT 2025"]
[Source "ChessBase"]
[SourceDate "2024.10.14"]
[SourceVersion "1"]
[SourceVersionDate "2024.10.14"]
[SourceQuality "1"]

1. c4 e5 2. g3 Nc6 3. Bg2 Nf6 4. Nc3 Bc5 5. d3 Ng4 6. e3 d6 7. Nf3 0-0 8. 0-0 f5 9. d4 Bb4 10. h3 Nf6 11. Nd5 Nxd5 12. cxd5 Ne7 13. dxe5 dxe5 14. Nxe5 Qd6 15. Nc4 Qc5 16. Qd3 Rd8 17. a3 Ba5 18. b4 Bxb4 19. axb4 Qb5 20. Ra5 Qd7 21. Bb2 b6 22. Qc3 Nxd5 23. Rxd5 Qe7 24. Rxd8+ Kf7 25. Qxg7+ Ke6 26. Bd5# 1-0